000 nam a22 7a 4500
999 _c7884
_d7884
008 171107b xxu||||| |||| 00| 0 eng d
100 _aUppal.A.K.etal.
_94355
245 _aPractice Guide to Sports
260 _aNew Delhi
_bFriends
_c2009